| 000 | 00665nam a22001817a 4500 | ||
|---|---|---|---|
| 003 | OSt | ||
| 005 | 20150527160955.0 | ||
| 008 | 150527b xxu||||| |||| 00| 0 eng d | ||
| 040 | _c04 | ||
| 082 | _aHAN 2005 | ||
| 245 |
_aHandbbok of best practices for management of intellectual property in Health Research and development / _cEdiited by Richard T. Mahoney |
||
| 260 |
_aUK: _bThe Centre for management of intellectual property in Health Research and development ; _c2005 |
||
| 300 |
_av, 276 p _bill; _c30 cm. |
||
| 504 | _aincludes references and Index | ||
| 650 |
_aIntellectual property _95002 |
||
| 700 |
_4Editor _aMahoney Richard T _95003 |
||
| 942 |
_2z _cSLOAN |
||
| 999 |
_c1903 _d1903 |
||